Ghana : 2007 Article IV Consultation; Staff Report; Public Information Notice on the Executive Board Discussion; and Statement by the Executive Director for Ghana.

The 2007 Article IV Consultation reports on Ghana's recent economic and policy development. Public Financial Management (PFM) has been strengthened through improvements in fiscal reporting and deployment of the new computerized payroll management system. Executive Directors commended the Ghanai...

全面介紹

書目詳細資料
企業作者: International Monetary Fund
格式: 雜誌
語言:English
出版: Washington, D.C. : International Monetary Fund, 2007.
叢編:IMF Staff Country Reports; Country Report ; No. 2007/210
在線閱讀:Full text available on IMF
LEADER 01823cas a2200241 a 4500
001 AALejournalIMF009402
008 230101c9999 xx r poo 0 0eng d
020 |c 5.00 USD 
020 |z 9781451814989 
022 |a 1934-7685 
040 |a BD-DhAAL  |c BD-DhAAL 
110 2 |a International Monetary Fund. 
245 1 0 |a Ghana :   |b 2007 Article IV Consultation; Staff Report; Public Information Notice on the Executive Board Discussion; and Statement by the Executive Director for Ghana. 
264 1 |a Washington, D.C. :  |b International Monetary Fund,  |c 2007. 
300 |a 1 online resource (86 pages) 
490 1 |a IMF Staff Country Reports 
500 |a <strong>Off-Campus Access:</strong> No User ID or Password Required 
500 |a <strong>On-Campus Access:</strong> No User ID or Password Required 
506 |a Electronic access restricted to authorized BRAC University faculty, staff and students 
520 3 |a The 2007 Article IV Consultation reports on Ghana's recent economic and policy development. Public Financial Management (PFM) has been strengthened through improvements in fiscal reporting and deployment of the new computerized payroll management system. Executive Directors commended the Ghanaian authorities for their continued implementation of sound economic policies and structural reforms, which have contributed to strong economic growth. They noted that absent the scaling up of donor assistance in the near future, Ghana has decided to access the international capital market to finance prudently selected infrastructure projects needed for achieving its growth. 
538 |a Mode of access: Internet 
830 0 |a IMF Staff Country Reports; Country Report ;  |v No. 2007/210 
856 4 0 |z Full text available on IMF  |u http://elibrary.imf.org/view/journals/002/2007/210/002.2007.issue-210-en.xml  |z IMF e-Library